00428nam a2200157Ia 450000500170000000800410001704000190005804100120007708200130008910000200010224500690012226000400019130000110023165000170024285000110025920231118093345.0131103s9999 xx 000 0 und d aLoreto College aEnglish a323bPRO aAmerican Center aThe iIplementation of Human RightscThe American Center Calcutta aCalcuttabAmerican Centerc[19- -?] a335p.  aHuman rights aLCLIB